00600nam a2200157 4500008004100000082001700041100002500058245004900083260010000132300003200232500002200264650003700286942000700323952009700330999001500427240228b |||||||| |||| 00| 0 eng d a303.485bWIC aWicramatillake, H.D. aPost tsunami strains on the family structure aNarahenpita:bMinistry of child development and women's empowerment-National committee on women a15 p.bBibliography inclued aA research paper. aPost tsunami recovery- Sri Lanka cRP 00102ddc4070aMAINbMAINd2024-02-28l0o303.485 WICpRAF5127r2024-02-28w2024-02-28yRP c4830d4830